书目信息 |
| 题名: |
市政工程施工技术规程汇编
|
|
| 作者: | 本书编委会 编 | |
| 分册: | ||
| 出版信息: | 北京 中国建筑工业出版社 1999.05 |
|
| 页数: | 543页 | |
| 开本: | 16开 | |
| 丛书名: | ||
| 单 册: | ||
| 中图分类: | ||
| 科图分类: | ||
| 主题词: | 市政工程 | |
| 电子资源: | ||
| ISBN: | 7-112-03815-4 | |
| 000 | 00616nam0 2200205 45 | |
| 001 | 9911091531 | |
| 005 | 20000913202126.5 | |
| 010 | @a7-112-03815-4@d44.00元 | |
| 100 | @a19991109d1999 km y0chiy0120 ea | |
| 101 | @achi | |
| 105 | @a z 000yy | |
| 200 | 1 | @a市政工程施工技术规程汇编@AShi Zheng Gong Cheng ShiGong Ji Shu Gui Cheng Hui Bian@f本书编委会编@FBen Shu Bian Wei Hui Bian |
| 210 | @a北京@c中国建筑工业出版社@d1999.05 | |
| 215 | @a543页@d16开 | |
| 606 | 0 | @a市政工程 |
| 690 | @v3 | |
| 690 | @aTU99@v3 | |
| 701 | @a本书编委会@4编 | |
| 801 | @aCN@bPFTUser@c19991109 | |
| 905 | @dTU99@eSH:285@b141001-005@f5 | |
| 市政工程施工技术规程汇编/本书编委会编.-北京:中国建筑工业出版社,1999.05 |
| 543页;16开 |
| ISBN 7-112-03815-4:44.00元 |
| ● |
| 相关链接 |
|
|
|
正题名:市政工程施工技术规程汇编
索取号:TU99/SH:285
 
预约/预借
| 序号 | 登录号 | 条形码 | 馆藏地/架位号 | 状态 | 备注 |
| 1 | 141001 | 201410017 | 自科二线404/404自科库 21排1列3层/ [索取号:TU99/SH:285] | 在馆 | |
| 2 | 141002 | 201410026 | 建筑库201/201建筑库 122排2列2层/ [索取号:TU99/SH:285] | 在馆 | |
| 3 | 141003 | 201410035 | 自科二线404/404自科库 23排1列2层/ [索取号:TU99/SH:285] | 在馆 | |
| 4 | 141004 | 201410044 | 建筑库201/201建筑库 122排2列2层/ [索取号:TU99/SH:285] | 在馆 | |
| 5 | 141005 | 201410053 | 建筑库201/201建筑库 122排2列2层/ [索取号:TU99/SH:285] | 在馆 |